[Event "Superbet Varsavia Rapid 2025"]
[Site "Varsavia"]
[Date "27.04.2025"]
[Round "4.4"]
[White "Topalov, Veselin"]
[Black "Aravindh, Chithambaram VR."]
[Result "0-1"]
[WhiteTitle "GM"]
[BlackTitle "GM"]
[WhiteElo "2717"]
[BlackElo "2749"]
[WhiteFideId "2900084"]
[BlackFideId "5072786"]
[EventDate "2025.04.26"]

1. e4 e5 2. Nf3 Nc6 3. Bb5 a6 4. Ba4 Nf6 5. O-O b5 6. Bb3 Bc5 7. c3 d6 8. d4 Bb6
9. a4 Bb7 10. Re1 O-O 11. Bg5 h6 12. Bh4 b4 13. h3 bxc3 14. bxc3 Re8 15. d5 Na5
16. Ba2 g5 17. Nxg5 hxg5 18. Bxg5 Kg7 19. Qf3 Rh8 20. Nd2 Bc8 21. Nf1 Kg6 22. h4
Rh5 23. Qg3 Bd7 24. Re3 Bxe3 25. Nxe3 Nxe4 26. Bb1 Rxg5 27. hxg5 Qxg5 28. Bxe4+
f5 29. Bc2 Qxg3 30. fxg3 Kg5 31. Rb1 f4 32. Nf1 Bf5 33. Bxf5 Kxf5 34. Nd2 Re8
35. Rb4 fxg3 36. Ne4 Rg8 37. Nd2 Rg4 38. Nf1 Rxb4 39. cxb4 Kf4 40. bxa5 e4 41.
Nd2 e3 42. Nf3 e2 0-1

[Event "Superbet Varsavia Rapid 2025"]
[Site "Varsavia"]
[Date "27.04.2025"]
[Round "4.5"]
[White "Fedoseev, Vladimir"]
[Black "Vachier-Lagrave, Maxime"]
[Result "1/2-1/2"]
[WhiteTitle "GM"]
[BlackTitle "GM"]
[WhiteElo "2739"]
[BlackElo "2722"]
[WhiteFideId "24130737"]
[BlackFideId "623539"]
[EventDate "2025.04.26"]

1. d4 Nf6 2. c4 g6 3. Nc3 d5 4. cxd5 Nxd5 5. e4 Nxc3 6. bxc3 Bg7 7. Nf3 c5 8. h3
O-O 9. Be2 cxd4 10. cxd4 Nc6 11. Be3 Qa5+ 12. Bd2 Qa3 13. d5 Ne5 14. O-O Bd7 15.
Rb1 Ba4 16. Qe1 Nd3 17. Bb4 Nxb4 18. Qxb4 Qxa2 19. Bc4 a5 20. Bxa2 axb4 21. Rxb4
b5 22. e5 Rfd8 23. Re1 Bh6 24. g4 Bc2 25. Rb2 Ra3 26. Nd4 Bd3 27. Nc6 Rda8 28.
Bb1 Bc4 29. Nxe7+ Kf8 30. d6 Rxh3 31. Be4 Ra4 32. Kg2 Rc3 33. f3 Bg5 34. Nd5
Bxd5 35. Bxd5 Rd4 36. Bxf7 Kxf7 37. e6+ Ke8 38. Rxb5 Rd2+ 39. Kg3 Rxd6 40. Rxg5
Rdd3 41. Rf1 Ke7 42. Ra5 Kxe6 43. Ra6+ Kf7 44. Ra7+ Kg8 45. Kf4 Ra3 46. Re7 h6
47. Kg3 Re3 48. Rd7 Red3 49. Re7 Re3 50. Rd7 Red3 51. Re7 Re3 1/2-1/2

[Event "Superbet Varsavia Rapid 2025"]
[Site "Varsavia"]
[Date "27.04.2025"]
[Round "5.1"]
[White "Vachier-Lagrave, Maxime"]
[Black "Gavrilescu, David"]
[Result "1-0"]
[WhiteTitle "GM"]
[BlackTitle "GM"]
[WhiteElo "2722"]
[BlackElo "2554"]
[WhiteFideId "623539"]
[BlackFideId "1227190"]
[EventDate "2025.04.26"]

1. e4 c5 2. Nf3 d6 3. d4 cxd4 4. Nxd4 Nf6 5. Nc3 a6 6. g3 e5 7. Nb3 Be7 8. Bg5
Be6 9. Bxf6 Bxf6 10. Qd3 Be7 11. O-O-O Nd7 12. f4 Nf6 13. f5 Bd7 14. Be2 Bc6 15.
g4 h6 16. h4 Nd7 17. Qg3 Qc7 18. Bc4 Rc8 19. Rh2 b5 20. Bd5 b4 21. Bxc6 bxc3 22.
Ba4 Kf8 23. Bxd7 Qxd7 24. bxc3 a5 25. Rd5 a4 26. Nd2 Qa7 27. g5 Rb8 28. g6 Qb7
29. Kd1 Qb2 30. Qd3 Qxa2 31. Rxd6 a3 32. Ke2 Kg8 33. Rd7 Bf6 34. Nb3 h5 35.
gxf7+ Kh7 36. Qf3 Kh6 37. Rg2 Qxc2+ 38. Rd2 1-0

[Event "Superbet Varsavia Rapid 2025"]
[Site "Varsavia"]
[Date "27.04.2025"]
[Round "5.2"]
[White "Deac, Bogdan-Daniel"]
[Black "Topalov, Veselin"]
[Result "1-0"]
[WhiteTitle "GM"]
[BlackTitle "GM"]
[WhiteElo "2668"]
[BlackElo "2717"]
[WhiteFideId "1226380"]
[BlackFideId "2900084"]
[EventDate "2025.04.26"]

1. e4 e5 2. Nf3 Nc6 3. Bb5 a6 4. Ba4 Nf6 5. O-O Be7 6. Re1 b5 7. Bb3 d6 8. c3
O-O 9. h3 Bb7 10. d4 Re8 11. a3 h6 12. Ba2 Bf8 13. Nbd2 Qd7 14. Qc2 a5 15. Qd3
Nb8 16. b3 Qc6 17. Bb2 Nbd7 18. b4 Nb6 19. Rac1 Ba6 20. Qc2 Nfd7 21. Bb3 Nc4 22.
Nxc4 bxc4 23. Ba4 Bb5 24. d5 Qb7 25. Bxb5 Qxb5 26. Rcd1 Nb6 27. Bc1 Be7 28. Qe2
Na4 29. Qc2 c6 30. dxc6 Qxc6 31. Be3 Bd8 32. Nd2 Bb6 33. Nf1 Rad8 34. Rd2 axb4
35. axb4 Bxe3 36. Nxe3 Nb6 37. Red1 Rd7 38. Nf5 Nc8 39. Rd5 Kh7 40. Ra5 Nb6 41.
Qe2 g6 42. Ng3 Ra8 43. Rda1 Rad8 44. Nf1 d5 45. exd5 Nxd5 46. Qxe5 Re7 47. Qg3
Qf6 48. R5a3 Nf4 49. Qf3 Ne2+ 50. Kh1 Qxf3 51. gxf3 Rd3 52. Ne3 Nxc3 53. Nxc4
Rxf3 54. Kg2 Rd3 55. b5 Ne2 56. Rxd3 Nf4+ 57. Kg3 Nxd3 58. b6 Nc5 59. Ra7 Rb7
60. Kf4 h5 61. Rxb7 Nxb7 62. Ke5 g5 63. Kf6 Kh6 64. Ne5 1-0

[Event "Superbet Varsavia Rapid 2025"]
[Site "Varsavia"]
[Date "27.04.2025"]
[Round "5.3"]
[White "Aravindh, Chithambaram VR."]
[Black "Fedoseev, Vladimir"]
[Result "1/2-1/2"]
[WhiteTitle "GM"]
[BlackTitle "GM"]
[WhiteElo "2749"]
[BlackElo "2739"]
[WhiteFideId "5072786"]
[BlackFideId "24130737"]
[EventDate "2025.04.26"]

1. d4 d5 2. c4 e6 3. Nc3 a6 4. cxd5 exd5 5. Bf4 Nf6 6. e3 c5 7. dxc5 Bxc5 8. Nf3
Nc6 9. Be2 O-O 10. O-O Be6 11. Na4 Ba7 12. Ne5 Na5 13. b4 Nc4 14. Nc5 Qc8 15. a4
Rd8 16. Nb3 Ne4 17. Rc1 b5 18. Nd4 Bxd4 19. exd4 Qb7 20. Nd3 Qa7 21. Nc5 Bf5 22.
Bg4 Bxg4 23. Qxg4 Re8 24. Rfe1 Qb6 25. Qf5 Rad8 26. axb5 Qxb5 27. Bc7 g6 28. Qf4
Rc8 29. h4 Qxb4 30. Nxe4 dxe4 31. d5 Nb2 32. d6 Nd3 33. Qe3 Nxe1 34. Rxe1 Qb5
35. h5 Qd7 36. h6 Rxc7 37. dxc7 Qxc7 38. Qd4 Re5 39. Rb1 f6 40. Qe3 Kf7 41. Qb3+
Re6 42. Qd5 Qc6 43. Rb7+ Ke8 44. Rb8+ Kf7 45. Rb7+ Ke8 46. Rb8+ Kf7 47. Rb7+ Ke8 1/2-1/2

[Event "Superbet Varsavia Rapid 2025"]
[Site "Varsavia"]
[Date "27.04.2025"]
[Round "5.4"]
[White "Praggnanandhaa, Rameshbabu"]
[Black "Aronian, Levon"]
[Result "1/2-1/2"]
[WhiteTitle "GM"]
[BlackTitle "GM"]
[WhiteElo "2758"]
[BlackElo "2747"]
[WhiteFideId "25059530"]
[BlackFideId "13300474"]
[EventDate "2025.04.26"]

1. Nf3 d5 2. g3 g6 3. Bg2 Bg7 4. d4 Nf6 5. c4 O-O 6. cxd5 Nxd5 7. O-O Nc6 8. Nc3
Nb6 9. e3 Re8 10. h3 a5 11. Rb1 a4 12. Re1 h6 13. Nh2 Bd7 14. Nf1 Qc8 15. Kh2
Na5 16. e4 c5 17. dxc5 Nbc4 18. Nxa4 Rd8 19. b4 Bb5 20. Qc2 Nc6 21. Nc3 Nd4 22.
Qd1 Ne2 23. Nd5 Nc3 24. Qb3 Rxd5 25. exd5 Qf5 26. Rb2 Nxb2 27. Bxb2 Ba4 28. Qc4
Bb5 29. Qb3 Ba4 30. Qc4 Bb5 31. Qf4 Rxa2 32. Qxf5 gxf5 33. Bxc3 Bxc3 34. Rc1
Bxb4 35. Kg1 Ba3 36. Rc3 Bb4 37. Rb3 Bxf1 38. Rxb4 Bxg2 39. Kxg2 Rc2 40. Rb5 Rc3
41. Kf1 Rd3 42. Rxb7 Rxd5 43. c6 Rc5 44. Rc7 Kg7 45. Ke2 h5 46. Kd3 e5 47. Rc8
Rc1 48. c7 Rc6 49. f3 Rc1 50. Kd2 Rc6 51. Kd3 Rc1 52. Kd2 Rc6 53. Kd3 1/2-1/2

[Event "Superbet Varsavia Rapid 2025"]
[Site "Varsavia"]
[Date "27.04.2025"]
[Round "5.5"]
[White "Duda, Jan-Krzysztof"]
[Black "Firouzja, Alireza"]
[Result "1/2-1/2"]
[WhiteTitle "GM"]
[BlackTitle "GM"]
[WhiteElo "2739"]
[BlackElo "2757"]
[WhiteFideId "1170546"]
[BlackFideId "12573981"]
[EventDate "2025.04.26"]

1. Nf3 d5 2. c4 e6 3. d4 Nf6 4. g3 dxc4 5. Bg2 c5 6. O-O Nc6 7. Qa4 Bd7 8. Qxc4
cxd4 9. Nxd4 Rc8 10. Nc3 Nxd4 11. Qxd4 Bc5 12. Qh4 Bc6 13. Bxc6+ Rxc6 14. Bg5
Be7 15. Rad1 Qa5 16. Ne4 Qe5 17. Nxf6+ Bxf6 18. Bxf6 Qxf6 19. Qxf6 gxf6 20. Rc1
Rxc1 21. Rxc1 Kd7 22. e4 Rg8 23. h4 Rg4 24. Re1 b5 25. Kg2 a5 26. Kf3 Rg8 27.
Rc1 Kd6 28. g4 h6 29. Kf4 a4 30. f3 Rh8 31. Rc2 Rg8 32. Rc3 Ra8 33. Ke3 Rh8 34.
Kf4 Ra8 35. Kg3 Rg8 36. b4 axb3 37. Rxb3 Kc5 38. Ra3 Kb6 39. Kf4 Rd8 40. Rc3 Ra8
41. a3 Rd8 42. g5 hxg5+ 43. hxg5 fxg5+ 44. Kxg5 Rd7 45. Kf6 Ka5 46. f4 Ka4 47.
f5 exf5 48. exf5 Ra7 49. Re3 Ra5 50. Rd3 Ra7 51. Re3 Ra5 52. Rh3 Ra7 53. Kg7 Ka5
54. f6 Kb6 55. Rc3 Rd7 56. Kf8 Rb7 57. Ke8 Ra7 58. Kd8 Rb7 59. Ke8 Ra7 60. Kf8
Rb7 61. Kg7 Ra7 62. Kg8 Rb7 63. Kf8 Ra7 64. Ke8 Rb7 65. Re3 Ra7 66. Kf8 Kc5 67.
Kg7 Kc4 68. Rh3 Kc5 69. Rg3 Kc4 70. Re3 Kc5 71. Re7 Rxa3 72. Kxf7 Rf3 73. Ke6 b4
74. f7 b3 75. Re8 Kc4 76. f8=Q Rxf8 77. Rxf8 b2 78. Rb8 Kc3 79. Ke5 Kc2 80. Kd4
b1=Q 81. Rxb1 Kxb1 1/2-1/2

[Event "Superbet Varsavia Rapid 2025"]
[Site "Varsavia"]
[Date "27.04.2025"]
[Round "6.1"]
[White "Fedoseev, Vladimir"]
[Black "Deac, Bogdan-Daniel"]
[Result "1/2-1/2"]
[WhiteTitle "GM"]
[BlackTitle "GM"]
[WhiteElo "2739"]
[BlackElo "2668"]
[WhiteFideId "24130737"]
[BlackFideId "1226380"]
[EventDate "2025.04.26"]

1. d4 Nf6 2. c4 e6 3. Nf3 d5 4. g3 Be7 5. Bg2 O-O 6. Nc3 dxc4 7. Ne5 c5 8. dxc5
Qxd1+ 9. Nxd1 Bxc5 10. O-O Nd5 11. Bd2 Nc6 12. Nxc4 Rd8 13. Nc3 b6 14. Rfc1 Ba6
15. Ne4 Bd4 16. Rab1 Ne5 17. b3 Nxc4 18. bxc4 Ne7 19. Nd6 Rab8 20. Bb4 Bc5 21.
Bxc5 bxc5 22. Nb5 g6 23. a4 Rd7 24. f4 Rbd8 25. Kf2 Bb7 26. Bxb7 Rxb7 27. Rd1
Rbd7 28. Rxd7 Rxd7 29. Nc3 Rd4 30. Rb8+ Kg7 31. Rb7 Rxc4 32. Nb5 a6 33. Nd6 Rd4
34. Ne8+ Kf8 35. Nf6 Kg7 36. Nd7 Rb4 37. Ra7 Nc6 38. Rxa6 Nb8 39. Nxb8 Rxb8 40.
a5 Rb5 41. Ke3 Rb3+ 42. Ke4 Ra3 43. Ra7 h6 44. g4 g5 45. f5 Kf6 46. fxe6 fxe6
47. a6 Ra4+ 48. Kf3 Ke5 49. e3 c4 50. Ra8 Ra2 51. a7 c3 52. h3 c2 53. Rc8 Rxa7
54. Rc5+ Kf6 55. Rxc2 Ra4 56. Rc7 Rb4 57. Rh7 Kg6 58. Re7 Kf6 59. Rh7 Kg6 60.
Re7 Kf6 61. Rh7 Kg6 62. Re7 1/2-1/2

[Event "Superbet Varsavia Rapid 2025"]
[Site "Varsavia"]
[Date "27.04.2025"]
[Round "6.2"]
[White "Duda, Jan-Krzysztof"]
[Black "Vachier-Lagrave, Maxime"]
[Result "1/2-1/2"]
[WhiteTitle "GM"]
[BlackTitle "GM"]
[WhiteElo "2739"]
[BlackElo "2722"]
[WhiteFideId "1170546"]
[BlackFideId "623539"]
[EventDate "2025.04.26"]

1. d4 Nf6 2. c4 g6 3. Nc3 d5 4. Bg5 Bg7 5. Nf3 c5 6. Bxf6 Bxf6 7. cxd5 cxd4 8.
Nxd4 Qb6 9. Nb3 a5 10. e3 a4 11. Bb5+ Bd7 12. Nd4 Bxd4 13. Qxd4 Qxd4 14. exd4
Bxb5 15. Nxb5 Ra5 16. Rc1 O-O 17. Nc7 Na6 18. Kd2 Nxc7 19. Rxc7 Rxd5 20. Kc3 e5
21. dxe5 Rxe5 22. Rd1 b5 23. Rd2 Re4 24. b4 axb3 25. Kxb3 Ra8 26. Rb7 Rea4 27.
Rdd7 Ra3+ 28. Kb4 R3a4+ 29. Kb3 Ra3+ 30. Kb4 R3a4+ 31. Kb3 Ra3+ 32. Kb4 1/2-1/2

[Event "Superbet Varsavia Rapid 2025"]
[Site "Varsavia"]
[Date "27.04.2025"]
[Round "6.3"]
[White "Gavrilescu, David"]
[Black "Aravindh, Chithambaram VR."]
[Result "1/2-1/2"]
[WhiteTitle "GM"]
[BlackTitle "GM"]
[WhiteElo "2554"]
[BlackElo "2749"]
[WhiteFideId "1227190"]
[BlackFideId "5072786"]
[EventDate "2025.04.26"]

1. e4 c5 2. Nf3 Nc6 3. Bb5 g6 4. O-O Bg7 5. c3 Nf6 6. Re1 O-O 7. d4 a6 8. Bd3
cxd4 9. cxd4 Nb4 10. Bf1 d5 11. e5 Ne4 12. Nc3 Bg4 13. Qb3 Nc6 14. Qxd5 Nxc3 15.
Qxd8 Ne2+ 16. Bxe2 Raxd8 17. Be3 Bxf3 18. Bxf3 Nxd4 19. Bxd4 Rxd4 20. Bxb7 a5
21. b3 Rd2 22. Kf1 Rfd8 23. Re2 Rd1+ 24. Rxd1 Rxd1+ 25. Re1 Rd2 26. Re2 Rd1+ 27.
Re1 Rd2 28. Re2 Rd1+ 1/2-1/2

[Event "Superbet Varsavia Rapid 2025"]
[Site "Varsavia"]
[Date "27.04.2025"]
[Round "6.4"]
[White "Firouzja, Alireza"]
[Black "Aronian, Levon"]
[Result "1/2-1/2"]
[WhiteTitle "GM"]
[BlackTitle "GM"]
[WhiteElo "2757"]
[BlackElo "2747"]
[WhiteFideId "12573981"]
[BlackFideId "13300474"]
[EventDate "2025.04.26"]

1. e4 e6 2. d4 d5 3. e5 c5 4. c3 Nc6 5. Nf3 Bd7 6. Be2 Nge7 7. O-O Nf5 8. dxc5
Bxc5 9. Bd3 O-O 10. b4 Bb6 11. a4 a6 12. Na3 Rc8 13. Re1 Nce7 14. Bd2 Ng6 15.
Bg5 Qe8 16. a5 Ba7 17. Qd2 d4 18. c4 Bc6 19. Be4 Bxe4 20. Rxe4 f6 21. Bf4 Bb8
22. c5 Nxf4 23. Rxf4 fxe5 24. Re4 Qg6 25. Qg5 Qxg5 26. Nxg5 h6 27. Nf3 Ne7 28.
Nc4 Nd5 29. Ncxe5 Bxe5 30. Nxe5 Nxb4 31. Rb1 Nc6 32. Rxb7 Nxe5 33. Rxe5 d3 34.
Kf1 Rf5 35. Rxf5 exf5 36. Rd7 Rxc5 37. Rxd3 Rxa5 38. Rd6 f4 39. Ke2 Ra3 40. h4
Kf7 41. Rd4 f3+ 42. gxf3 Ra5 43. Rd7+ Kf6 44. f4 h5 45. Kf3 g6 46. Ke4 Ra4+ 47.
Kf3 a5 48. Rd6+ Kf5 49. Rd5+ Ke6 50. Rb5 Ra3+ 51. Ke4 Ra2 52. Rb6+ Kf7 53. Rb7+
Kf6 54. Rb6+ Kg7 55. Kf3 a4 56. Rb7+ Kh6 57. Ra7 Ra3+ 58. Kg2 Ra2 59. Kf3 Ra3+
60. Kg2 Ra2 61. Kf3 1/2-1/2

[Event "Superbet Varsavia Rapid 2025"]
[Site "Varsavia"]
[Date "27.04.2025"]
[Round "6.5"]
[White "Topalov, Veselin"]
[Black "Praggnanandhaa, Rameshbabu"]
[Result "1-0"]
[WhiteTitle "GM"]
[BlackTitle "GM"]
[WhiteElo "2717"]
[BlackElo "2758"]
[WhiteFideId "2900084"]
[BlackFideId "25059530"]
[EventDate "2025.04.26"]

1. e4 c6 2. d4 d5 3. e5 Bf5 4. Nf3 e6 5. Be2 a5 6. a4 Nd7 7. O-O f6 8. Bd3 Bxd3
9. Qxd3 fxe5 10. dxe5 Qc7 11. Qe2 Ne7 12. Nd4 Qxe5 13. Qxe5 Nxe5 14. Nxe6 Kd7
15. Nc5+ Kc8 16. Ne6 Nf5 17. Nxf8 Rxf8 18. Re1 Ng6 19. Ra3 Nd4 20. Rc3 Kc7 21.
Bd2 Rf7 22. Na3 Nf5 23. Rh3 h6 24. c4 Rd7 25. Rf3 Ngh4 26. Rd3 Ne7 27. Bc3 Nhf5
28. Be5+ Kb6 29. g4 Nh4 30. Bg3 Nhg6 31. f4 Nf8 32. Rde3 Ng8 33. cxd5 Rxd5 34.
Rb3+ Ka6 35. Bf2 Nd7 36. Nc4 b5 37. axb5+ Rxb5 38. Rd3 Ndf6 39. Re6 Nxg4 1-0

[Event "Superbet Varsavia Rapid 2025"]
[Site "Varsavia"]
[Date "28.04.2025"]
[Round "7.1"]
[White "Deac, Bogdan-Daniel"]
[Black "Gavrilescu, David"]
[Result "1/2-1/2"]
[WhiteTitle "GM"]
[BlackTitle "GM"]
[WhiteElo "2668"]
[BlackElo "2554"]
[WhiteFideId "1226380"]
[BlackFideId "1227190"]
[EventDate "2025.04.26"]

1. Nf3 d5 2. g3 c5 3. Bg2 Nc6 4. d4 Nf6 5. O-O e6 6. c4 dxc4 7. Qa4 Bd7 8. Qxc4
cxd4 9. Nxd4 Rc8 10. Nc3 Nxd4 11. Qxd4 Bc5 12. Qh4 Bc6 13. Bxc6+ Rxc6 14. Bg5
Qd4 15. Rad1 Qxh4 16. Bxh4 Be7 17. Bg5 h6 18. Bf4 O-O 19. Rd3 Rd8 20. Rxd8+ Bxd8
21. Rc1 Bc7 22. Bxc7 Rxc7 23. Rd1 Kf8 24. f3 Ke7 25. Kf2 a6 26. Rd4 Nd7 27. Ke1
Ne5 28. Rd1 Nc4 29. Rc1 Rc6 30. b3 Na3 31. Kd2 Rd6+ 32. Ke1 Rc6 33. Kd2 Rd6+ 34.
Ke1 Rc6 35. Kd2 1/2-1/2

[Event "Superbet Varsavia Rapid 2025"]
[Site "Varsavia"]
[Date "28.04.2025"]
[Round "7.2"]
[White "Praggnanandhaa, Rameshbabu"]
[Black "Fedoseev, Vladimir"]
[Result "1/2-1/2"]
[WhiteTitle "GM"]
[BlackTitle "GM"]
[WhiteElo "2758"]
[BlackElo "2739"]
[WhiteFideId "25059530"]
[BlackFideId "24130737"]
[EventDate "2025.04.26"]

1. d4 d5 2. Nf3 c5 3. c4 cxd4 4. cxd5 Nf6 5. Qxd4 Qxd5 6. Nc3 Qxd4 7. Nxd4 a6 8.
g3 e5 9. Nb3 Bd7 10. Bg2 Bc6 11. O-O Bb4 12. Bd2 Bxg2 13. Kxg2 Nc6 14. Rfd1
O-O-O 15. a3 Bxc3 16. Bxc3 Rxd1 17. Rxd1 Ne4 18. Be1 Rd8 19. Rc1 Kb8 20. g4 Rd5
21. f3 Rb5 22. Na1 Ng5 23. b4 Nd4 24. Bd2 Nxe2 25. Bxg5 Nxc1 26. Bxc1 Rd5 27.
Kf2 Rd1 28. Nb3 Kc7 29. Ke3 Rh1 30. Ke4 f6 31. f4 Rxh2 32. fxe5 fxe5 33. Kxe5 h5
34. gxh5 Rxh5+ 35. Ke4 b6 36. Nd4 Kd7 37. Nf3 Kc6 38. Nd4+ Kd7 39. Nf3 Kc6 40.
Nd4+ 1/2-1/2

[Event "Superbet Varsavia Rapid 2025"]
[Site "Varsavia"]
[Date "28.04.2025"]
[Round "7.3"]
[White "Vachier-Lagrave, Maxime"]
[Black "Firouzja, Alireza"]
[Result "1/2-1/2"]
[WhiteTitle "GM"]
[BlackTitle "GM"]
[WhiteElo "2722"]
[BlackElo "2757"]
[WhiteFideId "623539"]
[BlackFideId "12573981"]
[EventDate "2025.04.26"]

1. e4 e5 2. Nf3 Nc6 3. Bb5 a6 4. Ba4 Nf6 5. O-O Be7 6. Re1 b5 7. Bb3 d6 8. c3
O-O 9. h3 Nb8 10. d4 Nbd7 11. Nbd2 Bb7 12. Bc2 Re8 13. Nf1 Bf8 14. Ng3 g6 15. a4
Bg7 16. d5 Qb8 17. b4 c6 18. dxc6 Bxc6 19. axb5 Bxb5 20. Bb3 Rc8 21. Ng5 Bc4 22.
h4 h6 23. Nf3 Bxb3 24. Qxb3 Nc5 25. Qd1 Ne6 26. Ra3 Nf4 27. Bxf4 exf4 28. Nf1
Ng4 29. Qd3 Ra7 30. N1h2 h5 31. Nxg4 hxg4 32. Nh2 g3 33. fxg3 fxg3 34. Qxg3 Rac7
35. Rxa6 Bxc3 36. Rf1 Qxb4 37. Nf3 Qc5+ 38. Rf2 Qe3 39. Kh2 Rc6 40. Ra4 Bg7 41.
Rfa2 Rc3 42. Qg5 Be5+ 43. Nxe5 Qxg5 44. hxg5 dxe5 45. Ra5 R3c5 46. Rxc5 Rxc5 47.
Ra8+ Kg7 48. Kg3 Rc3+ 49. Kf2 Rc2+ 50. Kf3 Rc3+ 51. Kf2 Rc2+ 52. Kf3 Rc3+ 53.
Kf2 1/2-1/2

[Event "Superbet Varsavia Rapid 2025"]
[Site "Varsavia"]
[Date "28.04.2025"]
[Round "7.4"]
[White "Aravindh, Chithambaram VR."]
[Black "Duda, Jan-Krzysztof"]
[Result "1-0"]
[WhiteTitle "GM"]
[BlackTitle "GM"]
[WhiteElo "2749"]
[BlackElo "2739"]
[WhiteFideId "5072786"]
[BlackFideId "1170546"]
[EventDate "2025.04.26"]

1. e4 e5 2. Nf3 Nc6 3. Bb5 Nf6 4. O-O Nxe4 5. d4 Nd6 6. Ba4 e4 7. Re1 Be7 8. Ne5
b5 9. Bb3 Na5 10. Bxf7+ Nxf7 11. Nxf7 Kxf7 12. Qh5+ Kf8 13. Nc3 Bb7 14. Nxe4 Qe8
15. Qxb5 d5 16. Qxa5 dxe4 17. Qxc7 Qc8 18. Qg3 Qxc2 19. Bg5 Bxg5 20. Qxg5 Qc4
21. Rac1 Qd5 22. Qg3 h5 23. Rc5 Qxd4 24. Rf5+ Ke8 25. Qc7 Bd5 26. Qd6 Rd8 27.
Re5+ Kf7 28. Re7+ Kg8 29. Qxd8+ Kh7 30. Re8 Rxe8 31. Qxe8 Kh6 32. Qb5 h4 33. h3
g5 34. Qa6+ Kg7 35. Qe2 Bxa2 36. Qe3 1-0

[Event "Superbet Varsavia Rapid 2025"]
[Site "Varsavia"]
[Date "28.04.2025"]
[Round "7.5"]
[White "Aronian, Levon"]
[Black "Topalov, Veselin"]
[Result "1-0"]
[WhiteTitle "GM"]
[BlackTitle "GM"]
[WhiteElo "2747"]
[BlackElo "2717"]
[WhiteFideId "13300474"]
[BlackFideId "2900084"]
[EventDate "2025.04.26"]

1. e4 e5 2. Nf3 Nc6 3. Bc4 Nf6 4. d3 h6 5. O-O d6 6. a4 g5 7. Nc3 Bg7 8. Ne2 g4
9. Ne1 d5 10. exd5 Nxd5 11. f4 Qd6 12. c3 Bd7 13. fxe5 Nxe5 14. Bxd5 Qxd5 15.
Nf4 Qa5 16. d4 Nc6 17. Qe2+ Kd8 18. Qf2 Kc8 19. Ned3 b6 20. b4 Qf5 21. a5 Re8
22. Be3 Rb8 23. Qd2 Nd8 24. Rac1 Nb7 25. c4 bxa5 26. Nd5 Qe6 27. N3f4 Qe4 28.
Nh5 Bh8 29. Rce1 Nd6 30. Nhf6 Nxc4 31. Qc3 Bxf6 32. Nxf6 Qc6 33. Nxe8 Bxe8 34.
bxa5 Qd5 35. Bf4 Bc6 36. Rf2 Rb5 37. a6 1-0

[Event "Superbet Varsavia Rapid 2025"]
[Site "Varsavia"]
[Date "28.04.2025"]
[Round "8.1"]
[White "Vachier-Lagrave, Maxime"]
[Black "Aravindh, Chithambaram VR."]
[Result "1-0"]
[WhiteTitle "GM"]
[BlackTitle "GM"]
[WhiteElo "2722"]
[BlackElo "2749"]
[WhiteFideId "623539"]
[BlackFideId "5072786"]
[EventDate "2025.04.26"]

1. e4 e5 2. Nf3 Nc6 3. Bb5 a6 4. Ba4 Nf6 5. O-O Be7 6. Re1 b5 7. Bb3 O-O 8. h3
Bb7 9. d3 d6 10. a4 Nd7 11. Be3 Kh8 12. axb5 axb5 13. Rxa8 Bxa8 14. Nc3 Na5 15.
Ba2 f5 16. exf5 Rxf5 17. Nd5 c5 18. Nd2 Rf8 19. Ne4 b4 20. c3 Bxd5 21. Bxd5 Nb6
22. Ba2 Nc6 23. Qg4 Qa8 24. Be6 bxc3 25. bxc3 d5 26. Ng5 Bxg5 27. Bxg5 Qa5 28.
Rb1 c4 29. dxc4 d4 30. Qe4 Nd8 31. Bxd8 Rxd8 32. cxd4 exd4 33. Rb5 Qa7 34. Rh5
h6 35. Qe5 Kh7 36. Bf5+ Kg8 37. Qe6+ 1-0

[Event "Superbet Varsavia Rapid 2025"]
[Site "Varsavia"]
[Date "28.04.2025"]
[Round "8.2"]
[White "Fedoseev, Vladimir"]
[Black "Aronian, Levon"]
[Result "1/2-1/2"]
[WhiteTitle "GM"]
[BlackTitle "GM"]
[WhiteElo "2739"]
[BlackElo "2747"]
[WhiteFideId "24130737"]
[BlackFideId "13300474"]
[EventDate "2025.04.26"]

1. d4 Nf6 2. c4 e6 3. g3 c5 4. Nf3 cxd4 5. Nxd4 Qc7 6. Nc3 a6 7. Bg5 Bb4 8. Bg2
Bxc3+ 9. bxc3 Qxc4 10. O-O d5 11. e4 dxe4 12. Bxf6 gxf6 13. Bxe4 Nd7 14. Re1 Qc5
15. Rb1 O-O 16. Bxb7 Rb8 17. Nb3 Qc7 18. Bg2 Bb7 19. Bxb7 Rxb7 20. Qg4+ Kh8 21.
Re3 Rb5 22. Rd1 Qb7 23. c4 Rf5 24. Nd4 Rc5 25. Nb3 Rf5 26. Nd4 Rc5 27. Nb3 Rf5 1/2-1/2

[Event "Superbet Varsavia Rapid 2025"]
[Site "Varsavia"]
[Date "28.04.2025"]
[Round "8.3"]
[White "Gavrilescu, David"]
[Black "Praggnanandhaa, Rameshbabu"]
[Result "0-1"]
[WhiteTitle "GM"]
[BlackTitle "GM"]
[WhiteElo "2554"]
[BlackElo "2758"]
[WhiteFideId "1227190"]
[BlackFideId "25059530"]
[EventDate "2025.04.26"]

1. e4 c5 2. Nf3 g6 3. d4 cxd4 4. Qxd4 Nf6 5. Nc3 Nc6 6. Qa4 d6 7. e5 Ng4 8. exd6
Qxd6 9. h3 Ne5 10. Nxe5 Qxe5+ 11. Be2 Bg7 12. Bf4 Qc5 13. O-O O-O 14. Be3 Bd4
15. Bxd4 Nxd4 16. Bd3 Rd8 17. Ne4 Qc7 18. Rad1 Bf5 19. Nc3 Be6 20. Nb5 Qc5 21.
c3 Nf3+ 22. Kh1 Qe5 23. gxf3 Bxh3 24. Nd4 Qh5 25. Qb5 Rd5 0-1

[Event "Superbet Varsavia Rapid 2025"]
[Site "Varsavia"]
[Date "28.04.2025"]
[Round "8.4"]
[White "Firouzja, Alireza"]
[Black "Topalov, Veselin"]
[Result "1-0"]
[WhiteTitle "GM"]
[BlackTitle "GM"]
[WhiteElo "2757"]
[BlackElo "2717"]
[WhiteFideId "12573981"]
[BlackFideId "2900084"]
[EventDate "2025.04.26"]

1. e4 e5 2. Nf3 Nc6 3. Bc4 Nf6 4. d3 h6 5. c3 g5 6. d4 exd4 7. e5 d5 8. Bb5 Ne4
9. O-O d3 10. Qxd3 Nc5 11. Qc2 Bg7 12. Be3 Ne6 13. c4 dxc4 14. Rd1 Bd7 15. Nc3
O-O 16. Bxc6 bxc6 17. Ne4 g4 18. Bxh6 f5 19. exf6 Bxh6 20. Neg5 1-0

[Event "Superbet Varsavia Rapid 2025"]
[Site "Varsavia"]
[Date "28.04.2025"]
[Round "8.5"]
[White "Duda, Jan-Krzysztof"]
[Black "Deac, Bogdan-Daniel"]
[Result "1-0"]
[WhiteTitle "GM"]
[BlackTitle "GM"]
[WhiteElo "2739"]
[BlackElo "2668"]
[WhiteFideId "1170546"]
[BlackFideId "1226380"]
[EventDate "2025.04.26"]

1. b3 e5 2. Bb2 Nc6 3. e3 Nge7 4. c4 d5 5. cxd5 Nxd5 6. a3 Bd6 7. Qc2 Qf6 8. Nf3
Qg6 9. d3 Be6 10. Nbd2 f6 11. Rc1 Rd8 12. Be2 O-O 13. O-O Kh8 14. Kh1 Qh6 15. b4
a6 16. Rg1 Nde7 17. g4 Bd5 18. Ne4 Qg6 19. Rg3 Qf7 20. Rcg1 Qe6 21. Qb1 Qd7 22.
Rh3 Ng6 23. Rgg3 Bf7 24. Kg1 Rde8 25. d4 Qe7 26. Bd3 Kg8 27. g5 f5 28. Nxd6 cxd6
29. dxe5 dxe5 30. Bxf5 Be6 31. Bxg6 hxg6 32. Qxg6 Bxh3 33. Rxh3 Qe6 34. Qh5 Qf5
35. e4 Qf4 36. Kg2 Re6 37. Qh7+ Kf7 38. Rh4 1-0